000 00624nam a22002057a 4500
999 _c5304
_d5304
003 AR-CdUCM
008 190312b ||||| |||| 00| 0 spa d
040 _aMUNICIPALIDAD PROVINCIAL DEL CUSCO
_cBIBLIOTECA MUNICIPAL DEL CUSCO
082 _a781.4 /
_bM77
100 _aMonroy Florez, Manuel E.
_916037
245 _aLas canciones en la escuela /
260 _aCusco :
_bGutemberg,
_c1971.
300 _a36 hojas ;
_c16 cm.
500 _aDonación de la familia Nieto
650 _aCusco
_9772
650 _aCanciones pre-escolares
_916038
650 _aCanciones cusqueñas
_916039
942 _2ddc
_cLIBROS
945 _araen